Strategi pembangunan desa negara dunia ketiga

Bibliographic Details
Main Author: Muhammad Shukri Haji Abdullah , 1952- (Author)
Format: Book
Published: Kuala Lumpur : Dewan Bahasa dan Pustaka , 1989
Subjects:

MARC

LEADER 00000cam a2200000 7i4500
001 0000002807
005 20210504093000.0
008 021118s1989
020 |a 9836207805 
090 0 0 |a HT475   |b .M7 1989 
100 0 |a Muhammad Shukri Haji Abdullah ,   |d 1952- ,   |e author 
245 0 0 |a Strategi pembangunan desa negara dunia ketiga   |c Mohd Shukri Haji Abdullah 
260 2 |a Kuala Lumpur :   |b Dewan Bahasa dan Pustaka ,   |c 1989 
300 |a ix, 231 ms. ; ;   |c 22 cm. 
504 |a Mengandungi bibliografi (ms. 217-231) dan indeks 
650 0 |a Developing countries   |x Economic conditions 
650 0 |a Rural development   |z Developing countries 
999 |a 1000027413   |b Book   |c OPEN SHELF (30 DAYS)   |e Gong Badak Campus 
999 |a 1000027414   |b Book   |c OPEN SHELF (30 DAYS)   |e Gong Badak Campus